Statystyki dla Wyspy Australii (Terytoria)

Kliknij tutaj aby rozwiązać quiz!

Ogólne statystyki

  • Ten quiz został rozwiązany 12 razy
  • Średni wynik to 3 z 6

Statystyki odpowiedzi

Wyspy terytorialne% Poprawnych
Norfolk
80%
Wyspy Kokosowe
80%
Wyspa Bożego Narodzenia
70%
Wyspy Heard i McDonalda
40%
Wyspy Ashmore i Cartiera
30%
Wyspy Morza Koralowego
20%

Rozkład punktacji

Percentyl według liczby udzielonych odpowiedzi

Procent ludzi z każdym wynikiem

Twoja historia wyników

Nie rozwiązałeś tego quizu